000 00392nam a2200157Ia 4500
005 20250603144638.0
008 250603s9999 xx 000 0 und d
050 _aJQ 150.5 .P64/
100 _aEdited by Li Wei
245 0 _aChina's evolving policy processes under the comparative lenses
260 _aLondon
260 _bRoutledge
260 _c2024
650 _aLondon
942 _cBK
999 _c39531
_d39531